[Event "24th Abu Dhabi Masters"]
[Site "Abu Dhabi UAE"]
[Date "2017.08.20"]
[Round "7.27"]
[White "Bellia, Fabrizio"]
[Black "Arjun, Kalyan"]
[Result "1/2-1/2"]
[WhiteTitle "IM"]
[WhiteElo "2444"]
[BlackElo "2366"]
[WhiteFideId "800511"]
[BlackFideId "35018701"]
[EventDate "2017.08.14"]

1. e4 e5 2. Nf3 Nc6 3. Bb5 a6 4. Ba4 Nf6 5. O-O Be7 6. Re1 b5 7. Bb3 d6 8. c3
O-O 9. h3 Nb8 10. d4 Nbd7 11. c4 Bb7 12. Nc3 c6 13. a3 Qc7 14. Be3 Rac8 15. dxe5
dxe5 16. Ba2 Bc5 17. Qc2 Rfe8 18. Rad1 Rcd8 19. cxb5 Bxe3 20. bxa6 Bxf2+ 21.
Qxf2 Bxa6 22. Ng5 Rf8 23. b4 Ra8 24. Bb3 h6 25. Nf3 Bc8 26. Ra1 Nh5 27. Rec1 Qd6
28. Rd1 Qe7 29. Nh4 Nf4 30. Nf5 Qg5 31. Qg3 Qxg3 32. Nxg3 Nf6 33. Rd6 Bd7 34.
Na4 Rfb8 35. Rdd1 Be6 1/2-1/2

[Event "24th Abu Dhabi Masters"]
[Site "Abu Dhabi UAE"]
[Date "2017.08.20"]
[Round "7.28"]
[White "Saduakassova, Dinara"]
[Black "Sadhwani, Raunak"]
[Result "1-0"]
[WhiteTitle "IM"]
[BlackTitle "FM"]
[WhiteElo "2444"]
[BlackElo "2359"]
[WhiteFideId "13700090"]
[BlackFideId "35093487"]
[EventDate "2017.08.14"]

1. d4 Nf6 2. c4 e6 3. Nf3 c5 4. d5 b5 5. dxe6 fxe6 6. cxb5 d5 7. e3 Bd6 8. Be2
O-O 9. b3 Bb7 10. Nbd2 Nbd7 11. Bb2 Qe8 12. Qc2 e5 13. e4 dxe4 14. Nh4 g6 15.
O-O-O Bc7 16. f3 exf3 17. gxf3 Nh5 18. Ne4 Qe7 19. Bc4+ Kh8 20. Rxd7 Qxd7 21.
Nxc5 Qe7 22. Ne6 Bd6 23. Nxf8 Rxf8 24. Qd2 Nf4 25. Rd1 Ba3 26. Qd7 Bxb2+ 27.
Kxb2 Qxh4 28. Qxb7 Qxh2+ 29. Ka3 Qc2 30. Qe7 Qf5 31. Rd7 1-0

[Event "24th Abu Dhabi Masters"]
[Site "Abu Dhabi UAE"]
[Date "2017.08.20"]
[Round "7.29"]
[White "Gu, Xiaobing"]
[Black "Raja, Harshit"]
[Result "1/2-1/2"]
[WhiteTitle "WGM"]
[WhiteElo "2347"]
[BlackElo "2434"]
[WhiteFideId "8602611"]
[BlackFideId "5089000"]
[EventDate "2017.08.14"]

1. e4 c5 2. Nf3 d6 3. d4 cxd4 4. Nxd4 Nf6 5. Nc3 a6 6. Bg5 Nbd7 7. Qe2 h6 8. Bh4
g6 9. f4 e5 10. Nf3 Qc7 11. O-O-O b5 12. Nd5 Nxd5 13. exd5 Bb7 14. fxe5 dxe5 15.
Nxe5 Qxe5 16. Re1 Qxe2 17. Rxe2+ Ne5 18. Bf6 Rg8 19. Rxe5+ Kd7 20. g3 Bd6 21.
Bh3+ Kc7 22. Rhe1 Bc8 23. Bg2 Bxe5 24. Bxe5+ Kd7 25. d6 Rb8 26. Bf4 Kd8 27. Re7
Bd7 28. Be3 Re8 29. Ba7 Rxe7 30. dxe7+ Kc7 31. Bxb8+ Kxb8 32. b4 Kc7 33. Kd2 Kd6
34. Ke3 Kxe7 35. Bb7 Kd6 36. Bxa6 Kd5 37. a3 g5 38. g4 Kc4 39. a4 Kxb4 40. axb5
Kc5 41. b6 Kxb6 42. Be2 f5 43. gxf5 Bxf5 44. Bd3 Bd7 45. Bg6 Kc5 46. Ke4 Kd6 47.
Kd4 Be6 48. c4 Bxc4 49. Kxc4 Ke5 50. Kd3 Kf4 51. Ke2 Kg4 52. Kf2 Kh3 53. Kg1 g4
54. Bf5 h5 55. Be6 Kh4 56. Kg2 Kg5 57. Bc4 h4 58. Be2 Kf4 59. Bd1 Kg5 60. Kf2
g3+ 1/2-1/2

[Event "24th Abu Dhabi Masters"]
[Site "Abu Dhabi UAE"]
[Date "2017.08.20"]
[Round "7.30"]
[White "Medarde Santiago, Luis Marcos"]
[Black "Fawzy, Adham"]
[Result "0-1"]
[WhiteTitle "FM"]
[BlackTitle "IM"]
[WhiteElo "2332"]
[BlackElo "2422"]
[WhiteFideId "2263076"]
[BlackFideId "10613129"]
[EventDate "2017.08.14"]

1. e4 c5 2. Nf3 Nc6 3. d4 cxd4 4. Nxd4 e5 5. Nb5 d6 6. N1c3 a6 7. Na3 b5 8. Nd5
Nge7 9. c4 Nd4 10. Bd3 Nxd5 11. cxd5 g6 12. O-O Bg7 13. Nc2 O-O 14. Be3 f5 15.
Bxd4 fxe4 16. Bxe4 exd4 17. Nxd4 Qh4 18. Qd3 Be5 19. g3 Qf6 20. Rad1 Bg4 21. Rd2
Bh3 22. Bg2 Bxg2 23. Kxg2 Bxd4 24. Qxd4 Qf3+ 25. Kg1 Rfe8 26. Rd3 Re4 27. Rxf3
Rxd4 28. Rc1 Ra7 29. Rfc3 Rf7 30. Rc7 Rd2 31. Rxf7 Kxf7 32. b4 Rxa2 33. Rc6 Ke7
34. Kg2 h5 35. Kf3 Ra4 36. Kf4 Rxb4+ 37. Kg5 Rg4+ 38. Kh6 a5 39. f4 h4 40. Ra6
a4 41. Ra5 hxg3 42. hxg3 Rxg3 43. Rxb5 Kf6 44. Kh7 Rh3+ 45. Kg8 Rd3 46. Rb4 a3
47. Ra4 Rxd5 48. Rxa3 Rd4 49. Ra6 Ke6 50. Kg7 Rxf4 51. Kxg6 Rg4+ 52. Kh5 Rg1 0-1

[Event "24th Abu Dhabi Masters"]
[Site "Abu Dhabi UAE"]
[Date "2017.08.20"]
[Round "7.31"]
[White "Vogt, Lothar"]
[Black "Saurabh, Anand"]
[Result "1/2-1/2"]
[WhiteTitle "GM"]
[WhiteElo "2420"]
[BlackElo "2332"]
[WhiteFideId "4611292"]
[BlackFideId "5094496"]
[EventDate "2017.08.14"]

1. e4 e5 2. Nf3 Nc6 3. Bb5 a6 4. Ba4 Nf6 5. O-O Be7 6. Bxc6 dxc6 7. d3 Nd7 8. b3
f6 9. Bb2 Nf8 10. d4 exd4 11. Nxd4 Ne6 12. Nf5 Qxd1 13. Rxd1 g6 14. Nxe7 Kxe7
15. Nc3 Rd8 16. Rxd8 Nxd8 17. f4 Nf7 18. Kf2 Be6 19. Rd1 Rd8 20. Rxd8 Nxd8 21.
Nd1 f5 22. exf5 Bxf5 23. Ne3 h5 24. Be5 Ne6 25. h3 Be4 26. g4 c5 27. c3 hxg4 28.
hxg4 c6 29. f5 gxf5 30. Nxf5+ Bxf5 31. gxf5 Nf8 32. Ke3 Nd7 33. Ke4 b5 34. Kf4
Nb6 35. Kg5 Kf7 36. Bd6 Nd5 37. c4 Nc3 38. Kf4 Nxa2 39. cxb5 axb5 40. Bxc5 Nc1
41. b4 Nd3+ 42. Ke4 Nxc5+ 43. bxc5 Kf6 44. Kf4 b4 45. Ke4 b3 1/2-1/2

[Event "24th Abu Dhabi Masters"]
[Site "Abu Dhabi UAE"]
[Date "2017.08.20"]
[Round "7.32"]
[White "Shailesh, Dravid"]
[Black "Omidi, Arya"]
[Result "1/2-1/2"]
[WhiteElo "2254"]
[BlackElo "2415"]
[WhiteFideId "25017969"]
[BlackFideId "12508780"]
[EventDate "2017.08.14"]

1. e4 c5 2. Nf3 d6 3. d4 cxd4 4. Nxd4 Nf6 5. Nc3 a6 6. Bg5 Nbd7 7. Qe2 e6 8.
O-O-O Qc7 9. f4 Be7 10. g4 b5 11. a3 Bb7 12. Bh4 d5 13. e5 Ng8 14. Bxe7 Nxe7 15.
Bg2 Nc6 16. Rhf1 Nxd4 17. Rxd4 O-O 18. g5 Rfc8 19. Rf3 Qb6 20. Rd2 b4 21. Nd1
Nc5 22. axb4 Qxb4 23. Qe3 Rab8 24. Kb1 Bc6 25. Rd4 Qb6 26. Rh3 Na4 27. Qd2 Qc5
28. Bf1 a5 29. c3 g6 30. Qf2 Be8 31. Rd2 Qf8 32. Qd4 Nc5 33. Rg2 Nb3 34. Qf2 d4
35. Qh4 Qg7 36. Rc2 a4 37. Nf2 a3 38. Ne4 a2+ 39. Kxa2 Ra8+ 40. Kxb3 Ba4+ 41.
Kb4 Bxc2 42. Nf6+ Kf8 43. Qf2 Ra4+ 44. Kb5 Rb8+ 45. Kc5 Rc8+ 46. Kb6 Rb8+ 47.
Kc7 Ke7 48. f5 gxf5 49. Qh4 Qh8 50. Ng8+ Rxg8 51. g6+ f6 52. Qxh7+ Qg7 53. Bb5
Ra7+ 54. Kb6 Kf8 55. exf6 Rb7+ 56. Ka6 Ra7+ 57. Kb6 Rb7+ 58. Ka6 Ra7+ 1/2-1/2

[Event "24th Abu Dhabi Masters"]
[Site "Abu Dhabi UAE"]
[Date "2017.08.20"]
[Round "7.33"]
[White "Iniyan, P"]
[Black "Teh, Eu Wen Aron"]
[Result "1/2-1/2"]
[WhiteTitle "IM"]
[BlackTitle "FM"]
[WhiteElo "2404"]
[BlackElo "2276"]
[WhiteFideId "25002767"]
[BlackFideId "5704723"]
[EventDate "2017.08.14"]

1. d4 Nf6 2. c4 e6 3. Nc3 Bb4 4. Nf3 d5 5. cxd5 exd5 6. Bg5 h6 7. Bh4 c5 8. dxc5
Nbd7 9. Qa4 Qa5 10. Qxa5 Bxa5 11. O-O-O Bxc3 12. bxc3 Nxc5 13. Bxf6 gxf6 14.
Rxd5 Ne4 15. e3 Be6 16. Rd4 Nxf2 17. Rg1 Ng4 18. Bc4 Nxe3 19. Bxe6 fxe6 20. Re1
Nf5 21. Rb4 O-O-O 22. Rxe6 Rd6 23. Re2 Rd3 24. Kc2 Re3 25. Rf2 Nd6 26. Nd2 f5
27. Nf1 Re5 28. Ng3 Rhe8 29. Rd4 Kc7 30. Rdf4 Ra5 31. Kd3 Ree5 32. a4 Ne4 33.
Nxe4 fxe4+ 34. Ke3 Rxa4 35. Rf7+ Kd6 36. R2f6+ Re6 37. Rxe6+ Kxe6 38. Rh7 Rc4
39. Rxh6+ Kf5 40. Rh5+ Kg6 41. Re5 Rxc3+ 42. Kxe4 Rc2 43. Kf3 Rc3+ 44. Re3 Rxe3+
45. Kxe3 a5 46. Kd4 a4 47. Kc4 b5+ 48. Kb4 Kg5 1/2-1/2

[Event "24th Abu Dhabi Masters"]
[Site "Abu Dhabi UAE"]
[Date "2017.08.20"]
[Round "7.34"]
[White "Kulkarni, Vinayak"]
[Black "Jonkman, Harmen"]
[Result "0-1"]
[BlackTitle "GM"]
[WhiteElo "2204"]
[BlackElo "2402"]
[WhiteFideId "5021332"]
[BlackFideId "1002708"]
[EventDate "2017.08.14"]

1. d4 d5 2. c4 c6 3. Nc3 Nf6 4. e3 g6 5. Nf3 Bg7 6. Be2 O-O 7. O-O a6 8. cxd5
Nxd5 9. Qb3 b6 10. Bd2 Be6 11. Bc4 b5 12. Bxd5 Bxd5 13. Nxd5 cxd5 14. Rfc1 Ra7
15. Rc2 Rb7 16. Qa3 Re8 17. Rac1 Bf8 18. Ba5 e6 19. Qxf8+ Kxf8 20. Bxd8 Rxd8 21.
Rc7 Rd7 22. Rc8+ Kg7 23. Ne5 Re7 24. g4 f6 25. Nc6 Nxc6 26. R1xc6 a5 27. Ra8 a4
28. h4 e5 29. dxe5 Rxe5 30. Kg2 Re4 31. Kf3 Rb4 32. Rc2 Rd7 33. Rac8 h5 34. g5
Rxh4 35. gxf6+ Kxf6 36. R8c6+ Kg7 37. Rb6 b4 38. Ra6 b3 39. axb3 axb3 40. Rcc6
Rg4 41. Ke2 Rf7 42. Rc1 Rg2 43. Rf1 h4 44. Ra4 g5 45. e4 h3 0-1

[Event "24th Abu Dhabi Masters"]
[Site "Abu Dhabi UAE"]
[Date "2017.08.20"]
[Round "7.35"]
[White "Raghunandan, Kaumandur Srihari"]
[Black "Rayes, Abdul Kader"]
[Result "1-0"]
[WhiteTitle "IM"]
[WhiteElo "2398"]
[BlackElo "2259"]
[WhiteFideId "25004964"]
[BlackFideId "7600801"]
[EventDate "2017.08.14"]

1. d4 d6 2. Nf3 Nf6 3. c4 g6 4. Nc3 Bg7 5. e4 O-O 6. Be2 e5 7. O-O exd4 8. Nxd4
Re8 9. f3 Nc6 10. Be3 Nh5 11. Nxc6 bxc6 12. Qd2 Qe7 13. Rad1 Bb7 14. Rfe1 Rad8
15. Bf1 Qf8 16. Na4 c5 17. Qa5 Qe7 18. Nc3 Bc6 19. Qa6 Bxc3 20. bxc3 Bd7 21.
Qxa7 Be6 22. e5 Rd7 23. a4 Qf8 24. Qa5 Ra8 25. Qb5 Rb8 26. Qc6 Rb6 27. Qe4 Qd8
28. g4 Ng7 29. a5 Ra6 30. Ra1 d5 31. cxd5 Bxd5 32. Qa4 Ra8 33. Bb5 c6 34. Bxc6
Bxc6 35. Qxc6 Ne6 36. a6 Rda7 37. Red1 Qe7 38. Rd6 Kg7 39. Bxc5 Nxc5 40. Qxc5
Qg5 41. Qd4 h5 42. e6+ Kh6 43. h3 fxe6 44. Rxe6 Rf7 45. Qe4 Raa7 46. h4 Qc5+ 47.
Kg2 Rg7 48. Qd4 Qb5 49. Qd2+ Kh7 50. Qe2 Qd5 51. Rd1 Qb3 52. gxh5 gxh5+ 53. Kh1
Raf7 54. Qe4+ Kg8 55. Re8+ Rf8 56. Rxf8+ Kxf8 57. Rd8+ Kf7 58. Qe8+ Kf6 59. Rd6+ 1-0

[Event "24th Abu Dhabi Masters"]
[Site "Abu Dhabi UAE"]
[Date "2017.08.20"]
[Round "7.36"]
[White "Vantika, Agrawal"]
[Black "Karavade, Eesha"]
[Result "1-0"]
[BlackTitle "IM"]
[WhiteElo "2238"]
[BlackElo "2397"]
[WhiteFideId "25050389"]
[BlackFideId "5012600"]
[EventDate "2017.08.14"]

1. d4 Nf6 2. Nf3 e6 3. c4 c5 4. d5 exd5 5. cxd5 d6 6. Nc3 g6 7. g3 Bg7 8. Bg2
O-O 9. O-O Re8 10. Bf4 Ne4 11. Nxe4 Rxe4 12. Nd2 Rxf4 13. gxf4 Bxb2 14. Rb1 Bg7
15. Nc4 Na6 16. Re1 Rb8 17. Qa4 Nc7 18. Qa3 b5 19. Na5 Bd7 20. Nc6 Bxc6 21. dxc6
a6 22. Rbd1 Qe7 23. e4 Bd4 24. e5 Rd8 25. Qg3 dxe5 26. fxe5 Qe6 27. Kh1 Re8 28.
Re2 Nd5 29. Bxd5 Qxd5+ 30. Qg2 Qe6 31. f4 Rc8 32. Rc2 a5 33. c7 Qd7 34. Rxc5
Rxc7 35. Rd5 Qf5 36. R5xd4 Rc2 37. R4d2 Rc4 38. Rd4 Rxd4 39. Rxd4 Qb1+ 40. Qg1
Qc2 41. Qd1 Qc6+ 42. Kg1 Kg7 43. Rd6 Qe4 44. e6 Qe3+ 45. Kg2 Qe4+ 46. Qf3 Qc2+
47. Qf2 Qe4+ 48. Kg3 1-0

[Event "24th Abu Dhabi Masters"]
[Site "Abu Dhabi UAE"]
[Date "2017.08.20"]
[Round "7.37"]
[White "Tania, Sachdev"]
[Black "Hari, Madhavan N B"]
[Result "1-0"]
[WhiteTitle "IM"]
[WhiteElo "2392"]
[BlackElo "2246"]
[WhiteFideId "5007844"]
[BlackFideId "25054309"]
[EventDate "2017.08.14"]

1. d4 d5 2. c4 c6 3. Nf3 Nf6 4. Nc3 dxc4 5. a4 Bf5 6. Ne5 Nbd7 7. Nxc4 Nb6 8.
Ne5 Nfd7 9. e4 Nxe5 10. exf5 Ned7 11. a5 Nc8 12. a6 b6 13. Qf3 Nd6 14. Bd3 c5
15. Nb5 Nxb5 16. Bxb5 Rc8 17. Be3 cxd4 18. Bxd4 e5 19. fxe6 Bb4+ 20. Bc3 Bxc3+
21. bxc3 fxe6 22. Rd1 Rc7 23. O-O Qc8 24. Rxd7 Rxd7 25. Rd1 1-0

[Event "24th Abu Dhabi Masters"]
[Site "Abu Dhabi UAE"]
[Date "2017.08.20"]
[Round "7.38"]
[White "Mahalakshmi, M"]
[Black "Sardana, Rishi"]
[Result "0-1"]
[WhiteTitle "WIM"]
[BlackTitle "IM"]
[WhiteElo "2140"]
[BlackElo "2386"]
[WhiteFideId "5001080"]
[BlackFideId "25004301"]
[EventDate "2017.08.14"]

1. d4 Nf6 2. c4 e6 3. Nc3 d5 4. Nf3 Be7 5. Bf4 O-O 6. e3 Nbd7 7. c5 Ne4 8. Rc1
f5 9. h3 c6 10. Bh2 b6 11. b4 a5 12. b5 Bb7 13. Nxe4 fxe4 14. Ne5 Nxe5 15. Bxe5
Rf5 16. Be2 Rxe5 17. dxe5 Bxc5 18. O-O cxb5 19. Bxb5 Qg5 20. Qg4 Qxe5 21. Bd7
Bc8 22. Bc6 Rb8 23. Rfd1 Qd6 24. Bb5 Bb7 25. a4 Rf8 26. Qe2 Qe5 27. Ba6 Bd6 28.
Qb5 Qh2+ 29. Kf1 Rxf2+ 30. Kxf2 Bg3+ 31. Kf1 Qh1+ 32. Ke2 Qxg2# 0-1

[Event "24th Abu Dhabi Masters"]
[Site "Abu Dhabi UAE"]
[Date "2017.08.20"]
[Round "7.39"]
[White "Saravana, Krishnan P."]
[Black "Chifor, Ovidiu-Emanuel"]
[Result "1-0"]
[WhiteElo "2378"]
[BlackElo "2245"]
[WhiteFideId "5018382"]
[BlackFideId "1215400"]
[EventDate "2017.08.14"]

1. e4 e5 2. Bc4 Nf6 3. d3 c6 4. Nf3 Be7 5. Bb3 O-O 6. O-O d6 7. c3 Nbd7 8. Re1
h6 9. Nbd2 Nh7 10. Nc4 b5 11. Ne3 Nc5 12. Bc2 Ng5 13. Nxg5 Bxg5 14. d4 Ne6 15.
a4 Bb7 16. d5 Nc7 17. dxc6 Bxc6 18. axb5 Nxb5 19. Nf5 Qf6 20. Bxg5 hxg5 21. Ra6
Bb7 22. Ra5 a6 23. c4 g6 24. cxb5 gxf5 25. exf5 axb5 26. Rxb5 Bc6 27. Rb4 Rfb8
28. Rg4 Kf8 29. b4 Ra2 30. Bb1 Ra1 31. Qd2 Ke7 32. Rc4 Bd7 33. Rc7 Ra4 34. Be4
Kd8 35. Rc4 Ra6 36. g4 Rab6 37. Ra1 Bb5 38. Rc3 Ba6 39. Rc6 Rxc6 40. Bxc6 Bb5
41. Bxb5 Rxb5 42. Ra8+ Ke7 43. Qc3 Rb7 44. Qc8 1-0

[Event "24th Abu Dhabi Masters"]
[Site "Abu Dhabi UAE"]
[Date "2017.08.20"]
[Round "7.40"]
[White "Manafov, Vugar"]
[Black "Hedman, Erik"]
[Result "0-1"]
[BlackTitle "FM"]
[WhiteElo "2240"]
[BlackElo "2376"]
[WhiteFideId "13410814"]
[BlackFideId "1702351"]
[EventDate "2017.08.14"]

1. d4 Nf6 2. c4 c5 3. d5 e6 4. Nc3 exd5 5. cxd5 d6 6. Nf3 g6 7. Bf4 Bg7 8. Qa4+
Bd7 9. Qb3 b5 10. Bxd6 Qb6 11. Be5 O-O 12. e3 b4 13. Nb1 Bf5 14. Nbd2 Nbd7 15.
Nc4 Qd8 16. Bd6 Re8 17. Bd3 Bxd3 18. Qxd3 Ne4 19. Bf4 Nb6 20. O-O Nxc4 21. Qxc4
Bxb2 22. Rad1 Bf6 23. d6 Qd7 24. Rd5 Qe6 25. Be5 Bxe5 26. Nxe5 Nc3 27. Rxc5 Qxc4
28. Nxc4 Rec8 29. Rxc8+ Rxc8 30. d7 Rd8 31. Ne5 a5 32. g3 Nxa2 33. Rd1 b3 34.
Nc6 Rxd7 35. Rxd7 b2 36. Rd1 a4 37. Ne7+ Kg7 38. Rb1 a3 39. Nd5 Nc1 40. Nb4 Ne2+
41. Kg2 Nc3 42. Re1 f5 43. Kf3 h5 44. h3 b1=Q 45. Rxb1 Nxb1 46. g4 Nc3 47. gxh5
gxh5 48. Nc2 a2 49. Kg3 Kg6 50. f3 Kg5 51. Na1 h4+ 52. Kf2 f4 53. e4 Kf6 54. Ke1
Ke5 55. Kd2 Nb5 56. Ke2 Nd4+ 57. Kf2 Kd6 58. Kg2 Kc5 59. Kf2 Kc4 60. e5 Kc3 61.
e6 Nxe6 62. Ke1 Kb2 63. Kd2 Kxa1 64. Kc2 Nd4+ 0-1

[Event "24th Abu Dhabi Masters"]
[Site "Abu Dhabi UAE"]
[Date "2017.08.20"]
[Round "7.41"]
[White "Gupta, Abhijeet"]
[Black "Mithil, Ajgaonkar"]
[Result "1-0"]
[WhiteTitle "GM"]
[WhiteElo "2639"]
[BlackElo "2224"]
[WhiteFideId "5010608"]
[BlackFideId "5017343"]
[EventDate "2017.08.14"]

1. Nf3 Nf6 2. c4 b6 3. d4 Bb7 4. Nc3 e6 5. a3 d5 6. cxd5 Nxd5 7. Qc2 Be7 8. e4
Nxc3 9. bxc3 O-O 10. Bd3 c5 11. O-O Nc6 12. Bb2 Rc8 13. d5 exd5 14. exd5 Qxd5
15. Bxh7+ Kh8 16. c4 Qh5 17. Be4 Qh6 18. Rad1 Rcd8 19. Rd5 Rxd5 20. cxd5 Nd8 21.
Ne5 Bc8 22. f4 Nb7 23. Bf5 Kg8 24. Bxc8 Rxc8 25. Nxf7 Qh7 26. Qe2 Qf5 27. Nh6+
gxh6 28. Qxe7 Qf7 29. Qe5 Kh7 30. Qe4+ Kg8 31. Re1 Rd8 32. Re3 Nd6 33. Qe5 Kh7
34. Rg3 Nf5 35. Qxf5+ Qxf5 36. Rg7+ Kh8 37. Rg5+ Kh7 38. Rxf5 Kg6 39. Rf6+ Kh5
40. d6 1-0

[Event "24th Abu Dhabi Masters"]
[Site "Abu Dhabi UAE"]
[Date "2017.08.20"]
[Round "7.42"]
[White "Jeet, Jain"]
[Black "Alinasab, Mobina"]
[Result "1/2-1/2"]
[BlackTitle "WFM"]
[WhiteElo "2361"]
[BlackElo "2208"]
[WhiteFideId "5073022"]
[BlackFideId "12528897"]
[EventDate "2017.08.14"]

1. e4 e6 2. d4 d5 3. Nc3 Nf6 4. e5 Nfd7 5. Nce2 c5 6. f4 Nc6 7. Nf3 a6 8. c3 b5
9. g3 Qb6 10. a3 b4 11. h4 bxc3 12. bxc3 Na5 13. Bh3 cxd4 14. cxd4 Qb3 15. O-O
Qxd1 16. Rxd1 Nb3 17. Ra2 Nb6 18. f5 exf5 19. Nf4 Rb8 20. Rb2 Nc4 21. Rb1 Bxa3
22. Nxd5 Rb7 23. Bf1 Nxd4 24. Rxd4 Rxb1 25. Nc7+ Ke7 26. Bg5+ f6 27. exf6+ gxf6
28. Nd5+ Kf7 29. Rxc4 fxg5 30. Nxg5+ Kg6 31. Rc6+ Kg7 32. Rc7+ Kg6 33. Nf4+ Kf6
34. Nxh7+ Ke5 35. Ng5 Kd6 36. Rc3 Bc5+ 37. Kh2 Rxf1 38. Nf7+ Ke7 39. Nxh8 Bb7
40. Nhg6+ Kf6 41. g4 Bd6 42. g5+ Kg7 43. h5 Rxf4 44. Nxf4 Bxf4+ 45. Kh3 Bxg5 46.
Rc7+ Kh6 47. Rxb7 Kxh5 48. Ra7 Kg6 49. Rxa6+ Bf6 50. Kg3 Kg5 51. Kf3 Be5 52. Ra5
Kf6 53. Ke3 Ke6 54. Ra6+ Bd6 55. Kd4 f4 56. Ke4 f3 57. Kxf3 Kd5 58. Ke3 Bc5+ 59.
Kd3 Bd6 60. Ra5+ Kc6 61. Kc4 Kb6 62. Rh5 Kb7 63. Kb5 Ka8 64. Kc6 Bb8 65. Kb6 Bf4
66. Rf5 Be3+ 67. Kc7 Bd4 68. Ra5+ Ba7 69. Kc6 Kb8 70. Rb5+ Ka8 71. Kc7 Be3 72.
Rf5 Bg1 73. Rf1 Bd4 74. Rd1 Be3 75. Rd8+ Ka7 76. Rd3 Bf4+ 77. Kc6 Be5 78. Rd7+
Ka8 79. Kb6 Bb8 80. Rf7 Be5 81. Rf5 Bd4+ 82. Kc7 Bg1 83. Rf8+ Ka7 84. Rh8 Bb6+
85. Kc6 Bf2 86. Rg8 Be3 87. Rg3 Bd4 88. Rd3 Bg1 89. Rd7+ Ka8 90. Rd1 Be3 91. Kc7
Bf4+ 92. Kb6 Be3+ 93. Ka6 Bf4 94. Rd8+ Bb8 95. Rd3 Bh2 96. Rh3 Be5 97. Kb6 Bd4+
98. Kc6 Ka7 99. Rd3 Bg1 100. Rd7+ Ka8 101. Rg7 Be3 102. Rg3 Bf2 103. Rf3 Bg1
104. Kc7 Bh2+ 105. Kc8 Bb8 106. Ra3+ Ba7 107. Kd7 Kb7 108. Rb3+ Ka8 109. Kc7 Bd4
110. Rd3 Be5+ 111. Kb6 Bh2 112. Rd1 Bf4 113. Ra1+ Kb8 114. Re1 Ka8 115. Re4 Bg3
116. Re8+ Bb8 117. Re7 Bg3 118. Kc6 Bh2 119. Re8+ Ka7 120. Re2 Bg1 121. Rg2 Be3
122. Rg7+ Ka8 123. Kb5 Bf4 124. Rg4 Be3 125. Re4 Bf2 126. Ka6 Bg3 127. Re8+ Bb8
128. Re2 Ba7 129. Ra2 Bd4 130. Rd2 Ba7 131. Rd7 Bb8 132. Kb6 Bf4 1/2-1/2

[Event "24th Abu Dhabi Masters"]
[Site "Abu Dhabi UAE"]
[Date "2017.08.20"]
[Round "7.43"]
[White "Kumar, Gaurav"]
[Black "Mahjoob Zardast, Morteza"]
[Result "1-0"]
[BlackTitle "GM"]
[WhiteElo "2210"]
[BlackElo "2354"]
[WhiteFideId "5085578"]
[BlackFideId "12500798"]
[EventDate "2017.08.14"]

1. e4 c5 2. Nf3 Nc6 3. d4 cxd4 4. Nxd4 g6 5. Nc3 Bg7 6. Be3 Nf6 7. Bc4 O-O 8.
Bb3 d6 9. f3 Bd7 10. Qd2 Rc8 11. O-O-O Ne5 12. Kb1 a6 13. h4 h5 14. g4 hxg4 15.
h5 Nxh5 16. Bh6 e6 17. Rdg1 Qf6 18. fxg4 Bxh6 19. Qxh6 Qg7 20. Qg5 Nf6 21. Rh4
Rxc3 22. bxc3 Nxe4 23. Qe3 d5 24. Rgh1 Rc8 25. Ne2 g5 26. Rh8+ Qxh8 27. Rxh8+
Kxh8 28. Qd4 f6 29. c4 Nxc4 30. Ng3 Na3+ 31. Kb2 Nb5 32. Qg1 Nbd6 33. c4 Nxg3
34. Qxg3 Nxc4+ 35. Bxc4 dxc4 36. Qd6 Bc6 37. Qe7 c3+ 38. Kc1 Bd5 39. Qxf6+ Kg8
40. Qxg5+ Kf7 41. Qf4+ Ke7 42. g5 c2 43. g6 e5 44. Qxe5+ Be6 45. Qg7+ Kd6 46.
Qxb7 Ke5 47. g7 Rg8 48. Qe7 Kf5 49. a4 a5 50. Kxc2 Rc8+ 51. Kd2 Rg8 52. Kd3 Ba2
53. Qe4+ Kf6 54. Qf3+ Ke7 55. Qb7+ Ke6 56. Qb6+ Ke7 57. Qb7+ Ke6 58. Ke4 Re8 59.
Kf4 Bd5 60. Qc7 Ba2 61. Kg5 Bd5 62. Kh6 Ra8 63. Qc5 Ke5 64. Qf8 Ra6+ 65. Kg5 Kd4
66. Qd8 Kc5 67. Qxd5+ Kxd5 68. g8=Q+ Kd4 69. Qb8 Rc6 70. Qb2+ Kd3 71. Qb5+ Rc4
72. Qxa5 Kd4 73. Qb6+ Kd5 74. a5 Rc6 75. Qb7 1-0

[Event "24th Abu Dhabi Masters"]
[Site "Abu Dhabi UAE"]
[Date "2017.08.20"]
[Round "7.44"]
[White "Davtyan, Artur"]
[Black "Senthil, Maran K"]
[Result "1-0"]
[WhiteTitle "FM"]
[WhiteElo "2298"]
[BlackElo "2124"]
[WhiteFideId "13308327"]
[BlackFideId "25035681"]
[EventDate "2017.08.14"]

1. d4 d5 2. c4 dxc4 3. Nf3 Nf6 4. e3 e6 5. Bxc4 a6 6. a4 b6 7. Nc3 Bb7 8. O-O
Bb4 9. Qe2 O-O 10. Bd3 Nc6 11. Rd1 Qe7 12. Bc2 Rfd8 13. e4 e5 14. d5 Nd4 15.
Nxd4 exd4 16. Rxd4 Bxc3 17. bxc3 Nxd5 18. Bd2 Nf6 19. e5 Rxd4 20. cxd4 Nd5 21.
Be4 g6 22. Rc1 a5 23. Qf3 c6 24. h4 Re8 25. Bg5 Qe6 26. h5 Ba8 27. hxg6 hxg6 28.
Bxd5 Qxd5 29. Qh3 f5 30. Bf6 c5 31. dxc5 bxc5 32. e6 Rxe6 33. Qh8+ Kf7 34. Qg7+
Ke8 35. Qg8+ 1-0

[Event "24th Abu Dhabi Masters"]
[Site "Abu Dhabi UAE"]
[Date "2017.08.20"]
[Round "7.45"]
[White "Ayyad, Husain"]
[Black "Prieto Aranguren, Alain"]
[Result "1-0"]
[WhiteTitle "FM"]
[WhiteElo "2208"]
[BlackElo "2286"]
[WhiteFideId "11200243"]
[BlackFideId "2268906"]
[EventDate "2017.08.14"]

1. e4 c6 2. d4 d5 3. exd5 cxd5 4. Bd3 Nc6 5. c3 Nf6 6. h3 e5 7. dxe5 Nxe5 8. Nf3
Nxd3+ 9. Qxd3 Bd6 10. O-O O-O 11. Bg5 h6 12. Be3 Bc7 13. Nbd2 Qd6 14. Nb3 Re8
15. Rad1 Be6 16. Nc5 Bc8 17. Rfe1 Qc6 18. Nb3 Qa4 19. Nfd4 b6 20. Qb1 Ne4 21.
Nf3 Be6 22. Nbd4 Bd7 23. Nc2 Be6 24. Ncd4 Rad8 25. Nxe6 fxe6 26. Rd4 Qc6 27. c4
Rf8 28. cxd5 exd5 29. Rc1 Qd6 30. Qc2 Nc5 31. Rg4 Rc8 32. Bd4 Rf7 33. Rg6 Qf8
34. Bxc5 bxc5 35. Qd3 Bf4 36. Re1 Rd8 37. Rge6 Rf6 38. R6e2 Bb8 39. Nh4 Qd6 40.
g3 Rdf8 41. Rd1 g5 42. Ng2 d4 43. b4 cxb4 44. Qc4+ Kh8 45. Rxd4 Qc7 46. Qd3 Qc1+
47. Re1 Qc3 48. Qxc3 bxc3 49. Re2 Bc7 50. Ne3 Bb6 51. Rd3 Rc6 52. Rc2 Rfc8 53.
Nd5 Rd8 54. Rdxc3 Rxc3 55. Nxc3 Rc8 56. Rc1 Rd8 57. Ne4 Rd4 58. Re1 Kg7 59. g4
Kg6 60. Ng3 Rd2 61. Re2 Rxe2 62. Nxe2 h5 63. gxh5+ Kxh5 64. Kg2 g4 65. hxg4+
Kxg4 66. f3+ Kf5 67. Kf1 Ke5 68. Ke1 Be3 69. Kd1 Bb6 70. Kd2 Kf5 71. Kd3 Ke5 72.
Kc4 Kd6 73. Kb5 Kd5 74. a4 Ke5 75. a5 Bf2 76. Kc6 Kf5 77. a6 Ke5 78. Kb7 Kf5 79.
Nc3 Kf4 80. Nb5 Kxf3 81. Nxa7 Ke4 82. Nc8 1-0

[Event "24th Abu Dhabi Masters"]
[Site "Abu Dhabi UAE"]
[Date "2017.08.20"]
[Round "7.46"]
[White "Pujari, Rucha"]
[Black "Aditya, Mittal"]
[Result "1/2-1/2"]
[WhiteTitle "WIM"]
[BlackTitle "CM"]
[WhiteElo "2153"]
[BlackElo "2236"]
[WhiteFideId "5024528"]
[BlackFideId "35042025"]
[EventDate "2017.08.14"]

1. Nf3 Nf6 2. g3 d5 3. Bg2 e6 4. O-O Be7 5. b3 c5 6. Bb2 O-O 7. e3 Nc6 8. d4 b6
9. Nbd2 Ba6 10. Re1 Rc8 11. dxc5 Bxc5 12. a3 Be7 13. e4 dxe4 14. Nxe4 Nxe4 15.
Rxe4 Qxd1+ 16. Rxd1 Rfd8 17. Rxd8+ Rxd8 18. h3 Rd7 19. b4 Bb7 20. Re2 b5 21. Rd2
Rxd2 22. Nxd2 Nd8 23. c4 bxc4 24. Nxc4 Bxg2 25. Kxg2 a6 26. Na5 Kf8 27. Bc3 1/2-1/2